Mitti ki roshni/ (Record no. 29066)

000 -LEADER
fixed length control field 00345nam a22001451a 4500
082 ## - DEWEY DECIMAL CLASSIFICATION NUMBER
Classification number H4
Item number ANI/M
100 ## - MAIN ENTRY--AUTHOR NAME
Personal name Anil Tripathi (ed.)
245 ## - TITLE STATEMENT
Title Mitti ki roshni/
Statement of responsibility, etc by Anil Tripathi (ed.)
260 ## - PUBLICATION, DISTRIBUTION, ETC. (IMPRINT)
Place of publication Delhi:
Name of publisher Silpayan,
Year of publication 2007.
300 ## - PHYSICAL DESCRIPTION
Number of Pages 286p.
650 ## - SUBJECT ADDED ENTRY--TOPICAL TERM
Topical Term Essays Hindi
650 ## - SUBJECT ADDED ENTRY--TOPICAL TERM
Topical Term Literature Hindi
650 ## - SUBJECT ADDED ENTRY--TOPICAL TERM
Topical Term Literature
942 ## - ADDED ENTRY ELEMENTS (KOHA)
Koha item type Book
Holdings
Withdrawn status Lost status Damaged status Not for loan Permanent Location Current Location Date acquired Cost, normal purchase price Full call number Accession Number Cost, replacement price Price effective from Koha item type
        Sree Sankaracharya University of Sanskrit Sree Sankaracharya University of Sanskrit 08.01.2015 250.00 H4 ANI/M 058867 0.00 08.01.2015 Book